00325nam a2200121Ia 4500008004100000041000800041082001600049100001700065245004500082260004100127300002400168365001100192240624s9999 xx 000 0 und d aeng a658.405 MAY aMAYER ROBERT aHOW TO WIN ANY NEGOTIATION WITHOUT RAISI c2008aMumbaibJaico Publishing House a288 : p. : cm. ; 22 cRSb30